| 000 | 00948nam a22002537i 4500 | ||
|---|---|---|---|
| 999 |
_c23404 _d23404 |
||
| 003 | AR-CdUCM | ||
| 008 | 250909b20202020 pe||||| |||| 00| 0 spa d | ||
| 020 | _a978-612-00-5747-6 | ||
| 040 |
_aMUNICIPALIDAD PROVINCIAL DEL CUSCO _cBIBLIOTECA MUNICIPAL DEL CUSCO |
||
| 041 | _hspa | ||
| 082 |
_a005.133 / A85R _bA85R |
||
| 100 |
_aAtauchi Rojas, P. Joser _951561 |
||
| 245 | _aDescubriendo la Programación en R - Con aplicaciones a la Bioestadística / | ||
| 260 |
_aCusco : _bEditorial Bolaños _c2020 |
||
| 300 |
_a235 páginas. : _c20x16 cm. |
||
| 500 | _zPaginas: 231-235 | ||
| 505 | _aQue es R y RStudio? -- Conociendo RStudio 11 -- Conectando con GitHub 15 -- Interactuando con R19 -- Gestión de archivos | ||
| 650 |
_aGestión de archivos _951562 |
||
| 650 |
_aVisualizar objetos _951563 |
||
| 700 |
_aValencia Toledo, Alfredo _951564 |
||
| 700 |
_aOlarte Estrada Joel G. _951565 |
||
| 942 |
_2ddc _cLIBROS |
||
| 945 |
_apbjr _d9-09-2025 |
||